000 00371nam a2200145Ia 4500
100 _aStevens AL
942 _cBK
654 _aProgamming techniques
245 _aTurbo C: memory resident utilities screen 10 and progamming techniques
260 _bBPB Publications
_aNew Delhi
_c1989
082 _a001.6424TC
_bSTE
300 _a315
546 _aENGLISH
999 _c35614
_d35614